| 000 | 00518nam a22001817a 4500 | ||
|---|---|---|---|
| 999 |
_c4350 _d4350 |
||
| 003 | GBCCL | ||
| 005 | 20241126110516.0 | ||
| 008 | 180118b xxu||||| |||| 00| 0 eng d | ||
| 040 | _cgbc | ||
| 082 |
_a252 _bPOT |
||
| 100 |
_aPoteat, Edwin McNeill _98192 |
||
| 245 |
_aThe Dimension of Depth / _cEdwin McNeill Poteat |
||
| 260 |
_aNew York: _bHarper & Brothers Publishers, _c1957 |
||
| 300 |
_a114 p.; _c21 cm. |
||
| 650 |
_aBaptists _xSermons _91091 |
||
| 650 |
_aSermons, America _y20th Century _910949 |
||
| 942 |
_2ddc _cBK |
||